Adm. R. P. F. Lucii Ferraris, Soler-Alexandrini, Ordinis Minor. Regular. Observ. S. P. Francisci, Lectoris Jubilati, Exprovinc. Examinator Synodalis, ac S. Officii Consultoris: Prompta Bibliotheca Canonica, Juridica, Moralis, Theologica, nec non Ascetica, Polemica, Rubricistica, Historica, de principalioribus, & fere omnibus, quae in dies occurrunt, nec penes omnes facile, ac prompte reperiri possunt, (Registro nro. 18320)

000 -CABECERA
Campo de control de longitud fija 01916nam a22002417a 4500
001 - NÚMERO DE CONTROL
Campo de control BH33312
003 - IDENTIFICADOR DEL NÚMERO DE CONTROL
Campo de control ES-SlBCS
005 - FECHA Y HORA DE LA ÚLTIMA TRANSACCIÓN
Campo de control 20260422164846.0
008 - CÓDIGOS DE INFORMACIÓN DE LONGITUD FIJA
Campo de control de longitud fija 220426b1788 sp ||||| |||| 00| 0 lat d
040 ## - FUENTE DE LA CATALOGACIÓN
Centro catalogador del origen ES-SlBCS
Lengua de catalogación spa
041 ## - CÓDIGO DE LENGUA
Código de lengua del texto/banda sonora o título independiente lat
100 ## - PUNTO DE ACCESO PRINCIPAL-NOMBRE DE PERSONA
Nombre de persona Ferraris Soler, Lucio O.F.M.
9 (RLIN) 1962
Fechas asociadas al nombre (-1760)
245 ## - MENCIÓN DE TÍTULO
Título Adm. R. P. F. Lucii Ferraris, Soler-Alexandrini, Ordinis Minor. Regular. Observ. S. P. Francisci, Lectoris Jubilati, Exprovinc. Examinator Synodalis, ac S. Officii Consultoris: Prompta Bibliotheca Canonica, Juridica, Moralis, Theologica, nec non Ascetica, Polemica, Rubricistica, Historica, de principalioribus, & fere omnibus, quae in dies occurrunt, nec penes omnes facile, ac prompte reperiri possunt,
Resto del título ex utroque Jure, Summorum Pontificum Constitutionibus, ac praesertim Supremi Magistri Benedicti XIV. Ex Conciliis, Sacrarum Congregationum Decretis, Sacrae Romanae Rotae Decisionibus, ac Probatissimis et Selectissimis Auctoribus, accurate Collecta, Adaucta, in unum Redacta, Ordine Alphabetico Congesta, atque in decem Tomos distributa.
Nombre de parte o sección de la obra Tomus Septimus: P. / Tomus Octavus. Q - R - S.
250 ## - MENCIÓN DE EDICIÓN
Mención de edición In hac editione, prima hispana non solum Additiones legales, jam antea publicatae accedunt, verum etiam leges, Auctoris doctrinam astruentes, permultaeque aliae adnotationes, eisdem decisionibus insistentes, numquam antea editae, opera ac studio id totum elaboratum L. D. Francisci Mariae Vallarna, Madridensis Collegii Advocatorum Alumni.
260 ## - PUBLICACIÓN, DISTRIBUCIÓN, ETC... (PIE DE IMPRENTA)
Lugar de publicación, distribución, etc. Matriti:
Nombre del editor, distribuidor, etc. Ex Typographia Regia. Sumptibus Regiae Typographorum, & Bibliopoñlarum Societatis
Fecha de publicación, distribución, etc. , 1788
300 ## - DESCRIPCIÓN FÍSICA
Extensión T. Septimus: [4], 400 p.; T. Octavus: [4], 493 p.;
Dimensiones 32 cm.
500 ## - NOTA GENERAL
Nota general "A D. Francisco Antonio de Aguirre"
500 ## - NOTA GENERAL
Nota general BH33311, tomo 5º, impreso el año 1795.
561 ## - NOTA DE PROCEDENCIA
Procedencia Convento Caldas de Besaya
650 ## - PUNTO DE ACCESO ADICIONAL DE MATERIA-TÉRMINO DE MATERIA
Término de materia o nombre geográfico como elemento inicial Enciclopedias
Subdivisión de materia general Obras anteriores a 1800
9 (RLIN) 1963
752 ## - PUNTO DE ACCESO ADICIONAL-NOMBRE JERÁRQUICO DE LUGAR
País o entidad superior España
Ciudad Madrid
942 ## - ENTRADA DE ELEMENTOS AGREGADOS (KOHA)
Fuente de clasificaión o esquema
Koha [por defecto] tipo de item Libro Antiguo
Existencias
Suprimido Perdido Fuente de clasificación o esquema Estropeado No para préstamo Localización permanente Localización actual Fecha adquisición Serie de enumeración / cronológica Préstamos totales Signatura completa Número de Registro / Código de Barras Fecha última consulta Fecha del precio de reemplazo Tipo de item de Koha
          Biblioteca Histórica Biblioteca Histórica 22/04/2026 T. 7 y 8   S.XVIII- BH33312 22/04/2026 22/04/2026 Libro Antiguo

Bibliotecas Dominicos Provincia Hispania, 2016

Con tecnología Koha